00501nam a2200169 a 4500001000800000005001700008008004100025010001700066020001500083040001800098041000800116080001800124082002200142100000600164101000800170245015300178243996720180222084118.0891003s1989 maua 000 0 eng  a 88081561  a0316475858 aDLCcDLCdDLC aeng a616.0754 TOD00a616.0754 TOD220 a4 aSHM00aClinical diagnosis :cedited by Richard D. Judge, George D. Zuidema, Faith T. Fitzgerald ; with illustrations by Mary Ann Olson and Leslie H. Arwin.